000 00500nam a2200205Ia 4500
003 OSt
005 20230331093430.0
008 210423s2007 xx 000 0 und d
020 _a8174465154
040 _cAL
041 _aeng
082 _a658.11 BAXC
100 _aBAXI (C V).
_980525
245 _aCorporate governance: critical issues.
260 _aNew Delhi
_bExcel Books
_c2007
300 _avii,243
_bPB
365 _b195
_cINR
906 _aCorporate ; governance
942 _2ddc
_cBK
999 _c157661
_d157661